LEADER 01213nam a2200277 u 4500 001 000000030449 003 CaOOAMICUS 005 20070226112029.0 008 970916s1954 fr abe u000 u fre u 035 $a10769470 040 $aPUL(R)$bita 100 1 $aLagrange, Marie-Joseph,$cO.P.,$d1855-1938.$0(OLS)http://pul/name/3336 245 12$aL'évangile de Jésus-Christ /$cpar le P.M.-J. Lagrange ; avec la synopse évangélique traduite par le P. C. Lavergne, O.P. 250 $aNouvelle éd. 260 $aParis :$bJ. Gabalda,$c1954. 300 $axv, 716 p., 31 c. di tav. (2 ripieg.) :$bill., c. geogr., piante ;$c25 cm 490 1 $aEtudes bibliques 500 $a"Index alphabétique" : pp. [709]-713. 700 1 $aLavergne, Ceslas,$dn. 1890.$0(OLS)http://pul/name/24412 830 0$aEtudes bibliques.$0(OLS)http://pul/title/4591 850 $aPUL 852 $aPUL$W1$xSL Religione 1$y3$m5 G 55$j42075$nBK-PRI$b $qStampati$B42075$CPULBib$Z2$F42075 $H $81 941 1 $a8 961 $aINV: 1308. -- Fondo mons. Cecchetti. 996 $6245$aL'évangile de Jésus-Christ$9(OLS)http://pul/title/41833 996 $6260$aParis :$bJ. Gabalda$9(OLS)http://pul/publisher/48260 LEADER 01248nam a2200301 u 4500 001 000000077504 003 CaOOAMICUS 005 20070226123328.0 008 040209s2003 enk u000 u eng u 020 $a0567089495 035 $a10983783 040 $aPUL$bita 041 1 $aeng$hger 100 1 $aTheissen, Gerd,$d1943-$0(OLS)http://pul/name/25533 240 10$aNeue Testament : Geschichte, Literatur, Religion.$lInglese.$0(OLS)http://pul/title/101638 245 14$aThe New Testament :$bhistory, literature, religion /$cGerd Theissen ; translated by John Bowden. 260 $aLondon :$bT&T Clark,$c2003. 300 $avii, 206 p. ;$c22 cm 500 $aContiene indici. 504 $a"Further Reading" : pp.187-189. 630 04$aBiblia.$pN.T.$0(OLS)http://pul/subject/1630 700 1 $aBowden, John.$0(OLS)http://pul/name/51533 850 $aPUL 852 $aPUL$W1$xSL Religione 1$y3$m1 A 69$j99541$nBK-PRI$b $qStampati$B99541$CPULBib$Z2$F99541 $HPUL93620 $81 941 1 $a8 996 $6020$a0567089495$9(OLS)http://pul/number/101609 996 $6245$aThe New Testament :$bhistory, literature, religion$9(OLS)http://pul/title/101639 996 $6260$aLondon :$bT&T Clark$9(OLS)http://pul/publisher/75129